LEADER 00872nam a2200229 i 4500 001 000000245766 003 CaOOAMICUS 005 20151015000000.0 008 151015s1960 it u000 u ita u 013 $a224671 040 $aSeMil$bita 245 10$a[Lettera dell'Episcopato Italiano al Clero :$b25 marzo 1960]. 260 $aRoma :$bAlces,$cstampa 1960. 300 $a30 p. ;$c22 cm. 500 $aFondo card. Giovanni Colombo. 650 4$aChiesa cattolica e laicismo - Italia.$0(OLS)http://semarc/subject/19033 850 $aSeMil 852 $aSeMil$W1$xVenegono$y1$m3GC VIII 215/6$j196112$B196112$CSeMilBibl$Z2$F206852 $8B 941 1 $a3 961 $aLascito: Colombo Card. Giovanni 996 $6245$a[Lettera dell'Episcopato Italiano al Clero :$b25 marzo 1960]$9(OLS)http://semarc/title/262984 996 $6260$aRoma :$bAlces$9(OLS)http://semarc/publisher/49708 LEADER 01424nam a2200313 i 4500 001 000000071828 003 CaOOAMICUS 005 20260416144208.0 008 110427s1996 it u000 u ita u 013 $a43000 020 $a88-382-3721-2 040 $aSeMil$bita 100 1 $aQuaglioni, Diego,$d<1951- >.$0(OLS)http://semarc/name/20773 245 10$aTemi e immagini del Medio Evo :$balla memoria di Raoul Manselli da un gruppo di allievi /$cD. Quaglioni ... [et al.] ; a cura di Edith Pasztor. 260 $aRoma :$bStudium,$c1996. 300 $a221 p. ;$c21 cm. 490 0 $aReligione e società ;$v24 650 4$aChiesa - Storia - Medioevo.$0(OLS)http://semarc/subject/3291 650 4$aFrancescanesimo.$0(OLS)http://semarc/subject/3586 650 4$aMedioevo.$0(OLS)http://semarc/subject/974 700 1 $aPasztor, Edith <1925-2015>.$0(OLS)http://semarc/name/35645 830 0$aReligione e società ;$v24.$0(OLS)http://semarc/title/6868 850 $aSeMil 852 $aSeMil$W1$xVenegono$y1$m3WA II 34$j37981$B37981$CSeMilBibl$Z2$F37984 $81 961 $aAcquisto: Mescat 996 $6020$a88-382-3721-2$9(OLS)http://semarc/number/51022 996 $6245$aTemi e immagini del Medio Evo :$balla memoria di Raoul Manselli da un gruppo di allievi$9(OLS)http://semarc/title/115641 996 $6260$aRoma :$bStudium$9(OLS)http://semarc/publisher/29617